IFM Opac

FRANK WOOD'S BUSINESS ACCOUNTING 2 (Record no. 20436)

MARC details
000 -LEADER
fixed length control field 00431nam a22001577a 4500
020 ## - INTERNATIONAL STANDARD BOOK NUMBER
International Standard Book Number ^9780273712138
082 ## - DEWEY DECIMAL CLASSIFICATION NUMBER
Classification number 657 WOO
100 ## - MAIN ENTRY--PERSONAL NAME
Personal name FRANK WOOD
9 (RLIN) 910
245 ## - TITLE STATEMENT
Title FRANK WOOD'S BUSINESS ACCOUNTING 2
250 ## - EDITION STATEMENT
Edition statement ELEVEN EDITION
260 ## - PUBLICATION, DISTRIBUTION, ETC.
Place of publication, distribution, etc. ENGLAND
Name of publisher, distributor, etc. PEARSON EDUCtion limited
Date of publication, distribution, etc. 2008
300 ## - PHYSICAL DESCRIPTION
Extent XIII;810P
Other physical details INC.TABLES AND DRAWINGS; 22CM
500 ## - GENERAL NOTE
General note INC.APPENDIX AND INDEX
700 ## - ADDED ENTRY--PERSONAL NAME
Personal name ALAN SANGSTER
9 (RLIN) 3129
942 ## - ADDED ENTRY ELEMENTS (KOHA)
Koha item type Books

No items available.